| 000 | 00783ngm a22003250a 4500 | ||
|---|---|---|---|
| 001 | PT25634 | ||
| 003 | AR-LpoUNG | ||
| 005 | 20210202000355.0 | ||
| 007 | vd cvaizq | ||
| 008 | 191001s2006||||ag |||||||||||||||||spa d | ||
| 037 | _c$7,8 | ||
| 040 |
_aAR-LpoUNG _bspa _cAR-LpoUNG _eaacr |
||
| 041 | _aspa | ||
| 044 | _aag | ||
| 082 | 0 | _a305.909 132cam | |
| 100 | 1 |
_aGaggero, Jorge _edir. |
|
| 245 | 1 | 0 | _aCama adentro |
| 260 |
_aSan Luis : _bAVH, _c2006. |
||
| 300 | _aDVD (83 min.) : son., col. | ||
| 505 | 0 | _aDíalogos en castellano, subtítulos en inglés | |
| 650 | 4 | _aARGENTINA | |
| 650 | 4 | _aFAMILIA | |
| 650 | 4 | _aRELACIONES HUMANAS | |
| 651 | 4 | _aArgentina | |
| 653 | _aCINE ARGENTINO | ||
| 653 | _aDVD | ||
| 653 | _aVIDEOS | ||
| 905 | _a25634 | ||
| 942 | _cDVD | ||
| 999 |
_c54741 _d54741 |
||